01614nam a2200241Ia 450000100060000000300090000600800410001504000130005604000130006904100130008210000190009510000290011424501240014324501230026725000110039026000110040126000120041226000490042430000430047350007990051665000260131565000310134115418IT-RoPAU130308s9999 xx 000 0 und d aIT-RoPAU cIT-RoPAU aITALIANO aRomano Massimo gCodice Aut. SPICS: 1927 aStregoni della fantacultura (Gli)-La funzione dell'intellettuale nella letteratura italiana del dopoguerra (1945-1975) bStregoni della fantacultura (Gli)-La Funzione dell'intellettuale nella letteratura Italiana del dopoguerra (1945-1975) a1a ed. aTORINO bParavia c1977 [1° Ed.:1977 - Ed.Ling.Originale:1977] a"214 p. (prefazione: no ; testo: 214)" aIdea di Intellettuale e Concetto di Cultura Il Politecnico e L'Intellettuale della resistenza Vittorini Politica e Cultura Discronia del Neo Realismogramsci e L'Intellettuale Organico Cultura Popolare in Gramsci Realismo di Lukacs Polemica Sul Metello Officina e L'Intellettuale tra integrazione e Rivolta Rivolta di Pasolini Ambiguità dell'industria Culturale Neo Avanguardia e bella Letteratura Il Menabo' Bassani e Cassola gruppo '63 Intellettuale e contestazione quindici e Fine della Neo Avanguardia contestazione Studentesca Rapporto Scrittore Pubblico nel Neo Capitalismo utopia dell'intellettuale e fantacultura dell'uomo Massa Cultura di Massa Mito preistorico della Civiltà Contadina Ricerca Utopica di Volponi Umanesimo dell'Industriaoperatore Culturale o stregone della Parola? aSAGGI DI ANTROPOLOGIA eCodice materia Spics: 3507